Guess the Atlanta Hawks by Picture - Hard - Statistics

General Stats
  • This quiz has been taken 19 times
  • The average score is 7 of 20
Answer Stats
Picture Answer % Correct
Dejounte Murray
89%
Jeremy Lin
89%
Vince Carter
84%
Dennis Schroder
79%
Patty Mills
74%
Paul Millsap
68%
Frank Kaminsky
42%
Solomon Hill
26%
Tiago Splitter
26%
BJ Johnson
21%
Aaron Holiday
16%
Edy Tavares
16%
Malcolm Delaney
11%
Vladimir Radmanovic
11%
Jannero Pargo
5%
Jarrett Culver
5%
Tyler Cavanaugh
5%
Alex Poythress
0%
Damion Lee
0%
Josh Magette
0%
No matching quizzes found
Score Distribution
Percent of People with Each Score
Percentile by Number Answered
Your Score History
You have not taken this quiz